000 01839nam a2200265 a 4500
001 000012516
005 20240314123013.0
008 150130s2008 dr ac 000 0 spa d
040 _aDO-SdBNP
_bspa
_cBNPHU
082 _axxxx
_bxxxx
245 0 0 _aMatemática :
_bguías para el aprendizaje, educación básica /
_cMargarita Luciano...[et al.].
260 _aSanto Domingo :
_bSecretaría de Estado de Educación,
_c2008
_fAlfa & Omega
300 _a8 v. :
_bil., retrs. ;
_c28 cm.
490 1 _aEscuela multigrado innovada
500 _aeducación básica.
500 _aPropiedad de la Secretaria de Estado de Educación. Prohibida su venta.
500 _aLa biblioteca solamente posee los volumenes 5 y 6.
505 1 _av. 1 :
_gunidad 1 --
_tLeemos, escribimos y operamos con números naturales --
_gunidad 2 --
_tRealizamos otras operaciones con números naturales --
_gunidad 3 --
_tComparamos, ordenamos y operamos números fraccionarios --
_gunidad 4 --
_tConocemos y aplicamos los números decimales --
_gunidad 5 --
_tRazones, proporciones y porcentajes --
_gunidad 6 --
_tIdentificamos la geometría en la vida --
_gunidad 7 --
_tMediciones --
_gunidad 8 --
_tOrganizamos y analizamos datos --
505 1 _av. 6 :
_gunidad 1 --
_tExploramos los números y operamos con ellos --
_gunidad 2 --
_tRealizamos operaciones con las fracciones --
_gunidad 3 --
_tResolvemos problemas con números decimales --
_gunidad 4 --
_tConstruimos y exploramos polígonos regulares e irregulares --
_gunidad 5 --
_tPaso a paso: de la pulgada al pie llegamos a la yarda --
_gunidad 6 --
_tUtilizamos tablas y gráficas para resolver problemas --
700 _aLuciano, Margarita
_929227
700 1 _aMartín, Ángela
_929228
700 1 _aSánchez González, Daisy
_929229
700 1 _aUribe, Leonidas Rafael
_929230
830 0 _aEscuela multigrado innovada
_929231
999 _c12171
_d12171